000 00391nam a2200133Ia 4500
008 220217s9999||||xx |||||||||||||| ||und||
020 _a81-203-0760-7
082 _a621.382 2 JOH
100 _aJohnson, Johnny, R
_91225
245 0 _aIntroduction to digital signal processing
260 _aPrentice hall of india
_bNew Delhi
_c2000
300 _b150
650 _aSIGNAL PROCESSING
_9719
999 _c166039
_d166039